| 000 | 00887cam a22002531 4500 | ||
|---|---|---|---|
| 001 | sa 65006580 | ||
| 003 | DLC | ||
| 005 | 20260227112143.0 | ||
| 008 | 721211s1964 xx 000 0 eng | ||
| 010 | _asa 65006580 | ||
| 035 | _a(OCoLC)511872 | ||
| 040 |
_aDLC _cOAU _dOCoLC _dDLC |
||
| 042 | _apremarc | ||
| 050 | 0 | 0 |
_aDS481.G3 _bR29 1964 |
| 100 | 1 |
_aRamachandran, G., _eed. |
|
| 245 | 1 | 0 |
_aGandhi: _bhis relevance for our times. _cEditors: G. Ramachandran [and] T. K. Mahadevan. |
| 250 | _a[1st ed. | ||
| 260 |
_aBombay, _bBharatiya Vidya Bhavan, _c1964] |
||
| 300 |
_a355 p. _bports. _c23 cm. |
||
| 500 | _a"Contemporary studies in Gandhian themes presented to Sri R. R. Diwakar on his seventieth birthday by the workers of the Gandhi Smarak Nidhi." | ||
| 504 | _aIncludes bibliographies. | ||
| 600 | 1 | 0 |
_aGandhi, _cMahatma, _d1869-1948. |
| 700 | 1 |
_aMahadevan, T. K., _ejoint ed. |
|
| 999 |
_c64729 _d64729 |
||